[Event "FRA-chT Top 12 (Women)"]
[Site "Mulhouse"]
[Date "2014.05.09"]
[Round "1.4"]
[White "Lialy Yao, Rakina"]
[Black "Roumegous, Marina"]
[Result "0-1"]
[WhiteElo "1393"]
[BlackElo "2144"]
[PlyCount "108"]
[EventDate "2014.05.09"]
[EventType "team-tourn"]
[EventRounds "5"]
[EventCountry "FRA"]
[SourceTitle "CBM 160 Extra"]
[Source "ChessBase"]
[SourceDate "2014.07.01"]
[SourceVersion "1"]
[SourceVersionDate "2014.07.01"]
[SourceQuality "1"]
[WhiteTeam "Villepinte (W)"]
[BlackTeam "Annemasse (W)"]
[WhiteTeamCountry "FRA"]
[BlackTeamCountry "FRA"]

1. d4 Nf6 2. Nf3 e6 3. c4 b6 4. g3 Ba6 5. b3 Bb4+ 6. Bd2 Be7 7. Bg2 Bb7 8. Nc3 0-0 9. 0-0 c5 10. e3 d6 11. Bc1 Nbd7 12. Bb2 Rc8 13. Rc1 Re8 14. Re1 a6 15. a3 Rc7 16. Nb1 Qa8 17. Nbd2 Rd8 18. Qe2 Ne4 19. Nxe4 Bxe4 20. Red1 cxd4 21. exd4 d5 22. Ne1 Bxg2 23. Nxg2 Nf6 24. Qf3 Qc8 25. cxd5 Nxd5 26. Rxc7 Qxc7 27. Rc1 Qd7 28. Qg4 Qb5 29. Qd1 h6 30. Ne3 Bg5 31. Kg2 Bxe3 32. Rc4 Bg5 33. Kg1 Qd7 34. Bc1 Bxc1 35. Qxc1 a5 36. b4 axb4 37. axb4 b5 38. Rc2 Nxb4 39. Rd2 Nd5 40. Qa3 b4 41. Qb3 Rc8 42. Rc2 Rxc2 43. Qxc2 Qc7 44. Qa4 g6 45. Kg2 Kg7 46. h4 Qb7 47. Kh2 b3 48. Qa1 b2 49. Qb1 Nc3 50. Qe1 b1Q 51. Qe5+ f6 52. Qe1 Qxe1 53. Kh3 Qeh1+ 54. Kg4 Qbf3# 0-1